000 00326nam a2200133Ia 4500
008 220216s9999 xx 000 0 und d
100 _aAmbily K.K.
245 0 _aPradeshika vyathiyanangalum rubber uthpathanavum
260 _bRubber
_c2009
300 _a14-15.
700 _aMeena S.
700 _aNair N. Usha
942 _cML
999 _c72894
_d72894